Zákon č. 263 Z.z. zo 14. septembra 1999 o verejnom obstarávaní úplné znenie s komentárom

Saved in:
Bibliographic Details
Main Author: Bakay, Mikuláš
Other Authors: Hlaváčová, Slávka
Format: Book
Language:Slovak
Published: Bratislava UNIKA 1999
Edition:[2. vyd.]
Subjects:
Tags: Add Tag
No Tags, Be the first to tag this record!

MARC

LEADER 00000nam a2200000 4500
001 c117513
005 20240104112325.9
020 |a 80-88966-13-2 
041 0 |a slo 
044 |a SK 
245 1 0 |a Zákon č. 263 Z.z. zo 14. septembra 1999 o verejnom obstarávaní  |b úplné znenie s komentárom  |c Mikuláš Bakay, Slávka Hlaváčová 
250 |a [2. vyd.] 
264 1 |a Bratislava  |b UNIKA  |c 1999 
300 |a 111 s. 
610 2 0 |a obstarávanie verejné 
610 2 0 |a hospodárstvo trhové 
610 2 0 |a konkurencia 
610 2 0 |a súťaž verejná 
610 2 0 |a Slovensko 
100 1 |a Bakay, Mikuláš 
700 1 |a Hlaváčová, Slávka